000 00334 a2200109 4500
001 ART_40753
005 20260410161628.0
008 260409a
245 1 0 _aLa próxima reforma fiscal y la moneda constante
100 1 _aGarcía, Fernando D.
773 0 _tEnfoques
_gCierre de balance - Nº 11 (nov. 2016)
_wREV416
999 _c12216
_d12216